Illegal acts committed by adolescents under the influence of alcohol and drugs
| Autores principales: | ; ; ; |
|---|---|
| Tipo de documento: | Electrónico Artículo |
| Lenguaje: | Inglés |
| Publicado: |
2002
|
| En: |
Journal of research in crime and delinquency
Año: 2002, Volumen: 39, Número: 2, Páginas: 131-152 |
| Acceso en línea: |
Volltext (kostenfrei) Volltext (lizenzpflichtig) |
| Verificar disponibilidad: | HBZ Gateway |
MARC
| LEADER | 00000caa a22000002c 4500 | ||
|---|---|---|---|
| 001 | 1912580284 | ||
| 003 | DE-627 | ||
| 005 | 20250326002256.0 | ||
| 007 | cr uuu---uuuuu | ||
| 008 | 241217s2002 xx |||||o 00| ||eng c | ||
| 024 | 7 | |a 10.1177/002242780203900201 |2 doi | |
| 035 | |a (DE-627)1912580284 | ||
| 035 | |a (DE-599)KXP1912580284 | ||
| 040 | |a DE-627 |b ger |c DE-627 |e rda | ||
| 041 | |a eng | ||
| 084 | |a 2,1 |2 ssgn | ||
| 100 | 1 | |a White, Helene |e VerfasserIn |4 aut | |
| 245 | 1 | 0 | |a Illegal acts committed by adolescents under the influence of alcohol and drugs |
| 264 | 1 | |c 2002 | |
| 336 | |a Text |b txt |2 rdacontent | ||
| 337 | |a Computermedien |b c |2 rdamedia | ||
| 338 | |a Online-Ressource |b cr |2 rdacarrier | ||
| 700 | 1 | |8 1\p |a Stouthamer-Loeber, Magda |e VerfasserIn |0 (DE-588)1042850607 |0 (DE-627)769764835 |0 (DE-576)175044627 |4 aut | |
| 700 | 1 | |a Loeber, Rolf |d 1942-2017 |e VerfasserIn |0 (DE-588)1024418804 |0 (DE-627)719842913 |0 (DE-576)16933886X |4 aut | |
| 700 | 1 | |a Tice, Peter C. |e VerfasserIn |4 aut | |
| 773 | 0 | 8 | |i Enthalten in |t Journal of research in crime and delinquency |d Thousand Oaks, Calif. [u.a.] : Sage, 1964 |g 39(2002), 2, Seite 131-152 |h Online-Ressource |w (DE-627)320495299 |w (DE-600)2011523-4 |w (DE-576)095660208 |x 1552-731X |7 nnas |
| 773 | 1 | 8 | |g volume:39 |g year:2002 |g number:2 |g pages:131-152 |
| 787 | 0 | 8 | |i Forschungsdaten |a Loeber, Rolf |t Pittsburgh Youth Study Oldest Sample (1987 - 2000) (Pittsburgh, Pennsylvania) |d [Erscheinungsort nicht ermittelbar] : [Verlag nicht ermittelbar], 2016 |w (DE-627)1840043458 |
| 856 | |u https://research.vu.nl/en/publications/a6b45d0d-178c-41af-81ef-67d2fda9449d |x unpaywall |z Vermutlich kostenfreier Zugang |h repository [deprecated] | ||
| 856 | 4 | 0 | |u https://doi.org/10.1177/002242780203900201 |x Resolving-System |z kostenfrei |3 Volltext |7 0 |
| 856 | 4 | 0 | |u https://www.ncjrs.gov/app/publications/abstract.aspx?id=194421 |x Verlag |z lizenzpflichtig |3 Volltext |7 1 |
| 883 | |8 1\p |a cgwrk |d 20250301 |q DE-101 |u https://d-nb.info/provenance/plan#cgwrk | ||
| 935 | |a mkri | ||
| 951 | |a AR | ||
| ELC | |a 1 | ||
| LOK | |0 000 xxxxxcx a22 zn 4500 | ||
| LOK | |0 001 4637545781 | ||
| LOK | |0 003 DE-627 | ||
| LOK | |0 004 1912580284 | ||
| LOK | |0 005 20241217044545 | ||
| LOK | |0 008 241217||||||||||||||||ger||||||| | ||
| LOK | |0 035 |a (DE-2619)ICPSR134722 | ||
| LOK | |0 040 |a DE-2619 |c DE-627 |d DE-2619 | ||
| LOK | |0 092 |o n | ||
| LOK | |0 852 |a DE-2619 | ||
| LOK | |0 852 1 |9 00 | ||
| LOK | |0 935 |a nacp | ||
| LOK | |0 939 |a 17-12-24 |b l01 | ||
| OAS | |a 1 | ||
| ORI | |a SA-MARC-krimdoka001.raw | ||
